000 01058nam a2200229 a 4500
008 120416s1996 ||||||||||||||||| || u
020 _a0821337092
050 _aIBRD(08)
100 _aTrigo Edawardo J
245 1 0 _aInstitutional change and effective financing of agricultural research in Latin America:findings of a workshop organized by Inter-American Development Bank and the World Bank, Buenos Aires, August 1995
_creuben G. Echeverria; Edwardo J. Trigo; Derek Byerlee
260 _aWashington, D. C.
_bWorld Bank
_c1996
300 _axii, 34p. : ill.
350 _a0.00
490 _aWorld Bank Technical Papers
650 _aAGRICULTURE
650 _aAGRICULTURE--RESEARCH--LATIN AMERICA--FINANCE--CONGRESS
650 _aNATIONAL AGRICULTURAL RESEARCH SYSTEMS--LATIN AMERICA--FINANCE--CONGRESS
700 _aByerlee, Derek
700 _aEcheverria, Ruben G
710 _aWorld Bank
995 _D0.00
_FCBU-MAIN LIBRARY (Kitwe)
_H1
_I0.00
_M1
_UAVAILABLE
_ZInternational Publications
999 _c47068
_d47068